• 首页
  • 本馆介绍
  • 公告通知
  • 最新文献
  • 馆藏检索
  • 电子资源
  • 读者导购
  • 参考咨询
  • 我的图书馆
  • 登录
  • 详细信息显示
  • 放入我的书架
  • 预约/预借图书
  • 作者相关作品
  • 分类相关作品
  • 丛书相关作品
  • 出版社相关作品

书目信息

  • 表格格式
  • 工作单格式
  • 卡片格式
题名:
重大社会安全事件的网络传播
    
 
作者: 宫承波 著
分册:  
出版信息: 北京   中国广播电视出版社  2012.09
页数: 296页
开本: 24cm
丛书名: 新媒体前沿书系
单 册:
中图分类: D035.34 , G206.2 , TP393
科图分类:
主题词: 治安管理--突发事件--计算机网络--传播学 , 治安管理 , 突发事件 , 计算机网络 , 传播学
电子资源:
ISBN: 978-7-5043-6728-0
000 01175oam2 2200349 450
001 0000500022148
005 20130504150758.00
010    @a978-7-5043-6728-0@dCNY37.00
100    @a20130118d2012 em y0chiy50 ea
101 0  @achi
102    @aCN@b110000
105    @aak z 000yy
106    @ar
200 1  @a重大社会安全事件的网络传播@9zhong da she hui an quan shi jian de wang luo chuan bo@f宫承波[等]著
210    @a北京@c中国广播电视出版社@d2012.09
215    @a296页@c图@d24cm
225 2  @a新媒体前沿书系
300    @a中国传媒大学“211工程”三期重点数学科建设项目成果
304    @a著者还有:范松楠,黄晓云,王晶晶
330    @a本书主要内容包括:重大社会安全事件概说;我国重大社会安全事件传播的历史演进;近年来国内外重大社会安全事件的发展趋势等。
461  0 @12001 @a新媒体前沿书系@1701 0@a宫承波@4主编
606 0  @a治安管理@x突发事件@x计算机网络@x传播学
606 0  @a治安管理
606 0  @a突发事件
606 0  @a计算机网络
606 0  @a传播学
690    @aD035.34@v5
690    @aG206.2@v5
690    @aTP393@v5
701  0 @a宫承波@9gong cheng bo@f(1966-)@4著
801  0 @aCN@b人天书店@c20130118
905    @b543259-63@dD035.34@e104@f5
    
    重大社会安全事件的网络传播/宫承波[等]著.-北京:中国广播电视出版社,2012.09
    296页:图;24cm.-(新媒体前沿书系)
    中国传媒大学“211工程”三期重点数学科建设项目成果
    
    ISBN 978-7-5043-6728-0:CNY37.00
    本书主要内容包括:重大社会安全事件概说;我国重大社会安全事件传播的历史演进;近年来国内外重大社会安全事件的发展趋势等。
●
相关链接 在E读中查询图书 在五车中查询图书 在当当中查询图书 在豆瓣中查询图书


正题名:重大社会安全事件的网络传播     索取号:D035.34/104         预约/预借

序号 登录号 条形码 馆藏地/架位号 状态 备注
1 543259   205432593   第一样本阅览室/ [索取号:D035.34/104] 在馆    
2 543260   205432600   第一借阅区/ [索取号:D035.34/104] 在馆    
3 543261   205432619   第一借阅区/ [索取号:D035.34/104] 在馆    
4 543262   205432628   第一借阅区/ [索取号:D035.34/104] 在馆    
5 543263   205432637   密集书库-史法系/ [索取号:D035.34/104] 在馆    
唐山师范学院图书馆 欢迎您!
大连网信软件有限公司© 版权所有